00438 a2200157 4500003000400000005001700004008004100021020001800062040000900080082001700089100003000106245007300136250001200209260004900221300001000270OSt20240119091732.0240119b |||||||| |||| 00| 0 eng d a9788182718760 coclc a953.8bMOO/M aMoozhikkal, Rafeeq Rahman aMadeena Munavvara Charithram Varthamanam /cRafeeq Rahman Moozhikkal a4th ed. aKozhikode:bIslamic Publishing House,c2017. a184p.